| Tag |
First Indicator |
Second Indicator |
Subfields |
| LEADER |
00000cam a2200000 a 4500 |
| 001 |
in00001256821 |
| 005 |
20151003085151.0 |
| 008 |
950413s1995 nhua b 001 0 eng |
| 010 |
|
|
|a 95008971
|
| 020 |
|
|
|a 0435088548
|
| 035 |
|
|
|a (OCoLC)32429036
|
| 035 |
|
|
|9 AGV0874AM
|
| 040 |
|
|
|a DLC
|c DLC
|d UtOrBLW
|
| 049 |
|
|
|a TXAM
|
| 050 |
0 |
0 |
|a LC1090
|b .F68 1995
|
| 082 |
0 |
0 |
|a 370.11/5
|2 20
|
| 100 |
1 |
|
|a Fountain, Susan.
|
| 245 |
1 |
0 |
|a Education for development :
|b a teacher's resource for global learning /
|c Susan Fountain.
|
| 264 |
|
1 |
|a Portsmouth, NH :
|b Heinemann,
|c 1995.
|
| 300 |
|
|
|a 318 pages :
|b illustrations ;
|c 25 cm.
|
| 336 |
|
|
|a text
|b txt
|2 rdacontent
|
| 337 |
|
|
|a unmediated
|b n
|2 rdamedia
|
| 338 |
|
|
|a volume
|b nc
|2 rdacarrier
|
| 504 |
|
|
|a Includes bibliographical references (pages 309-314) and index.
|
| 650 |
|
0 |
|a International education.
|
| 650 |
|
0 |
|a Social justice
|x Study and teaching.
|
| 650 |
|
0 |
|a Conflict management
|x Study and teaching.
|
| 650 |
|
0 |
|a Teaching.
|
| 650 |
|
0 |
|a Learning.
|
| 999 |
|
|
|a MARS
|
| 999 |
f |
f |
|s 414008a4-b6fa-3e85-bb38-0ed2225c2c2f
|i 6a8d117a-0ade-3404-a575-32db0b0953f7
|t 0
|
| 952 |
f |
f |
|p normal
|a Texas A&M University
|b College Station
|c Sterling C. Evans Library
|d Evans: Library Stacks
|t 0
|e LC1090 .F68 1995
|h Library of Congress classification
|i unmediated -- volume
|m A14819554966
|
| 998 |
f |
f |
|a LC1090 .F68 1995
|t 0
|l Evans: Library Stacks
|